Second biggest city of each belgian province - Statistics

General Stats
  • This quiz has been taken 33 times
  • The average score is 6 of 11
Answer Stats
Hint Answer % Correct
Limburg/Limbourg Genk
93%
Antwerpen/Anvers Mechelen
89%
West-Vlaanderen/Flandre occidentale Kortrijk
78%
Oost-Vlaanderen/Flandre Orientale Aalst
74%
Hainaut/Henegouwen Mons
74%
Liège/Luik Seraing
70%
Brussels/Brussel/Bruxelles Schaerbeek/Schaarbeek
56%
Vlaams Brabant/Brabant flamand Vilvoorde
26%
Luxembourg/Luxemburg Marche-en-Famenne
22%
Brabant wallon/Waals brabant Ottignies-Louvain-la-Neuve
22%
Namur/Namen Andenne
7%
No matching quizzes found
Score Distribution
Percent of People with Each Score
Percentile by Number Answered
Your Score History
You have not taken this quiz